Statistics for Countries of the World Quiz

Click here to take the quiz!

General Stats

  • This quiz has been taken 36 times
  • The average score is 126 of 196

Answers on the Map

Answers color-coded by a green-red scale on the quiz's map according to % correct below.
 

Answer Stats

Country% Correct
France
85%
United Kingdom
85%
Canada
81%
China
81%
Denmark
81%
Finland
81%
Iceland
81%
Ireland
81%
Italy
81%
Japan
81%
Norway
81%
Russia
81%
Spain
81%
Sweden
81%
Australia
78%
Belgium
78%
Egypt
78%
Germany
78%
Greece
78%
Kenya
78%
Madagascar
78%
Mexico
78%
Netherlands
78%
New Zealand
78%
Poland
78%
Portugal
78%
South Africa
78%
Ukraine
78%
Argentina
74%
Bolivia
74%
Brazil
74%
Chile
74%
India
74%
Iran
74%
Mongolia
74%
Morocco
74%
North Korea
74%
Romania
74%
South Korea
74%
South Sudan
74%
Sudan
74%
Switzerland
74%
Turkey
74%
Yemen
74%
Algeria
70%
Croatia
70%
Cuba
70%
Dominica
70%
Ethiopia
70%
Guatemala
70%
Haiti
70%
Hungary
70%
Indonesia
70%
Iraq
70%
Ivory Coast
70%
Libya
70%
Mali
70%
Nepal
70%
Niger
70%
Oman
70%
Panama
70%
Saudi Arabia
70%
Somalia
70%
Tanzania
70%
Thailand
70%
United States
70%
Venezuela
70%
Zambia
70%
Afghanistan
67%
Austria
67%
Bangladesh
67%
Belarus
67%
Botswana
67%
Cambodia
67%
Cameroon
67%
Chad
67%
Costa Rica
67%
Dominican Republic
67%
El Salvador
67%
Estonia
67%
Fiji
67%
Georgia
67%
Guinea
67%
Guyana
67%
Honduras
67%
Jordan
67%
Laos
67%
Liberia
67%
Mozambique
67%
Nicaragua
67%
Nigeria
67%
Pakistan
67%
Paraguay
67%
Peru
67%
Rwanda
67%
Serbia
67%
Slovakia
67%
Sri Lanka
67%
Tunisia
67%
Turkmenistan
67%
Uganda
67%
Uruguay
67%
Uzbekistan
67%
Vietnam
67%
Zimbabwe
67%
Albania
63%
Andorra
63%
Belize
63%
Bhutan
63%
Bulgaria
63%
Colombia
63%
Czech Republic
63%
Djibouti
63%
Ecuador
63%
Gabon
63%
Guinea-Bissau
63%
Israel
63%
Jamaica
63%
Latvia
63%
Lesotho
63%
Lithuania
63%
Luxembourg
63%
Malaysia
63%
Moldova
63%
Myanmar
63%
Namibia
63%
Slovenia
63%
Suriname
63%
Syria
63%
Angola
59%
Armenia
59%
Bahamas
59%
Benin
59%
Burkina Faso
59%
Burundi
59%
Eritrea
59%
Ghana
59%
Kiribati
59%
Malawi
59%
Mauritania
59%
Mauritius
59%
Papua New Guinea
59%
Qatar
59%
Senegal
59%
Seychelles
59%
Sierra Leone
59%
Taiwan
59%
Tajikistan
59%
Togo
59%
United Arab Emirates
59%
Azerbaijan
56%
Comoros
56%
São Tomé and
Príncipe
56%
Eswatini
56%
Gambia
56%
Kosovo
56%
Kuwait
56%
Monaco
56%
Montenegro
56%
North Macedonia
56%
Philippines
56%
San Marino
56%
Tonga
56%
Bahrain
52%
Cape Verde
52%
Cyprus
52%
Central African
Republic
52%
Equatorial Guinea
52%
Kazakhstan
52%
Kyrgyzstan
52%
Lebanon
52%
Maldives
52%
Malta
52%
Nauru
52%
Palau
52%
Samoa
52%
Singapore
52%
Tuvalu
52%
Barbados
48%
Brunei
48%
East Timor
48%
Liechtenstein
48%
Solomon Islands
48%
Vanuatu
48%
Vatican City
48%
Antigua and Barbuda
44%
Bosnia and
Herzegovina
44%
Democratic Republic
of the Congo
44%
Grenada
44%
Marshall Islands
44%
Republic of the Congo
44%
Saint Kitts and Nevis
44%
Saint Lucia
44%
Trinidad and Tobago
44%
Federated States of
Micronesia
37%
Saint Vincent and the
Grenadines
33%

Score Distribution

Percentile by Number Answered

Percent of People with Each Score

Your Score History

You have not taken this quiz